Normal view MARC view
  • Armstrong michael marlis Helch

Entry Personal Name

Number of records used in: 1

001 - CONTROL NUMBER

  • control field: 390

003 - CONTROL NUMBER IDENTIFIER

  • control field: OSt

005 - DATE AND TIME OF LATEST TRANSACTION

  • control field: 20160503110146.0

008 - FIXED-LENGTH DATA ELEMENTS

  • fixed length control field: 160503|| aca||aabn | a|a d

040 ## - CATALOGING SOURCE

  • Original cataloging agency: OSt
  • Transcribing agency: OSt

100 ## - HEADING--PERSONAL NAME

  • Personal name: Armstrong michael marlis Helch

670 ## - SOURCE DATA FOUND

  • Source citation: Work cat.: (OSt): Armstrong michael marlis Helch, Reward Management, 2001